00682nam a2200241 a 4500001001300000003000900013005001700022008004100039020000800080082001600088100002100104245002000125260004400145300000900189500003500198505001000233650003400243700002100277902000800298942000700306952011200313999001500425nice12345678IN_TiNIC20260116011736.0050524s1970 hyda grp 000 0 urd  ac100a891.45bREH aRehani, Lucknawi aRaaz-E-Muhabbat aHyderabadbHenry Martyn Institutec1970 a112p aincludes index and biblioraphy2 aIndex aReligious Poetry-Christianity1 aRehani, Lucknawi bSRS cBK 001040708StackRoom-aHMIbHMId2007-06-01g1.00l0o891.45 REHp07343r2007-06-01v1.00w2005-05-24yBK c3626d3626